000 00194 a2200097 4500
020 _a9780226143248
041 _aeng
100 _aDerrida jacques
245 _aThe truth in painting
942 _cBK
999 _c10887
_d10887